Voces diversas y disruptivas en tiempos de Revolucin̤ 4.0

Detalles Bibliográficos
Autor principal: Gauthier-Umaą, Valřie
Otros Autores: Mňdez-Romero, Rafael Alberto, Sur̀ez, Dora
Formato: eBook
Lenguaje:español
Publicado: Bogot:̀ Editorial Universidad de Rosario (Colombia), 2020
Materias:
Acceso en línea:Acceso restringido

MARC

LEADER 00000nam a22000007a 4500
005 20200921232349.0
007 cr|||| ||||
008 200921s2020 co |||||s|||| 00||0 spa d
020 |a 978-958-784-436-8 
035 |a 32092 
040 |a vLex 
090 |c 10746  |d 10746 
100 1 |a Gauthier-Umaą, Valřie 
245 1 0 |a Voces diversas y disruptivas en tiempos de Revolucin̤ 4.0  |h [Recurso electrn̤ico] /  |c Valřie Gauthier-Umaą, Rafael Alberto Mňdez-Romero, Dora Sur̀ez 
256 |a Servicio en ln̕ea 
260 |a Bogot:̀  |b Editorial Universidad de Rosario (Colombia),  |c 2020 
300 |a 1 recurso electrn̤ico 
500 |a Voces diversas y disruptivas en tiempos de Revolucin̤ 4.0 es una recopilacin̤ de reflexiones de distintas voces, provenientes de diferentes sectores (acadm̌icos, empresariales y gubernamentales) y r̀eas de conocimiento. Propone enriquecer la discusin̤ actual, desde la propia lectura de los autores, sobre cm̤o entender los retos y oportunidades de esta revolucin̤ de pensamiento y, as,̕ transformar Colombia en la era digital para ser un pas̕ ms̀ justo, incluyente y competitivo 
506 1 |a Disponible solo en los productos indicados  |d vLex Global  |d vLex Global (Academic Edition, excluding Law Schools)  |d vLex Global (U.S. Academic Edition, Law Schools)  |d vLex Global (U.S. Academic Edition, excluding Law Schools)  |d vLex Global (Academic Edition, Law Schools) 
650 0 4 |a Derecho Pb︢lico y Administrativo  |z Colombia 
650 0 4 |a Ingeniera̕  |z Colombia 
700 1 |a Mňdez-Romero, Rafael Alberto 
700 1 |a Sur̀ez, Dora 
740 0 |a vLex Libros (Servicio en ln̕ea) 
856 4 0 |u http://vlex.com/source/voces-diversas-y-disruptivas-en-tiempos-de-revolucion-4-0-32092  |z Acceso restringido 
942 |c BOOK 
999 0 |a Public and Administrative Law 
999 0 |a Engineering